Las repercusiones del trabajo de los niños /

El presente es un breve análisis crítico sobre los argumentos que justifican el trabajo infantil, detallando el papel que cumple la enseñanza obligatoria en este fenómeno socioeconómico, así como los distintos intereses económicos, que según las clases median y perpetúan el problema.

Gorde:
Xehetasun bibliografikoak
Egile nagusia: Mohan Rao, J.
Formatua: Texto
Gaiak:
Etiketak: Etiketa erantsi
Etiketarik gabe, Izan zaitez lehena erregistro honi etiketa jartzen!

MARC

LEADER 00000 a a2200000 04500
001 41323
003
040
100 |a Mohan Rao, J.  
245 |a Las repercusiones del trabajo de los niños /  |c J. Mohan Rao  
520 |a El presente es un breve análisis crítico sobre los argumentos que justifican el trabajo infantil, detallando el papel que cumple la enseñanza obligatoria en este fenómeno socioeconómico, así como los distintos intereses económicos, que según las clases median y perpetúan el problema.  
590 |a SJB/AGOSTO2011  
650 |a 1.TRABAJO DE MENORES  
650 |a 2.ADOLESCENTES  
650 |a 3.NIÑEZ  
650 |a 4.FACTORES CULTURALES  
650 |a 5.ASPECTOS ECONOMICOS  
650 |a 6.ASPECTOS POLITICOS  
650 |a 7.ASPECTOS SOCIALES  
650 |a 8.PROBLEMAS SOCIALES  
773 |g número13 ( , 2005), 22-24  
999 |c 26321  |d 26321